<?xml version="1.0" encoding="UTF-8"?>
<record
    xmlns:xsi="http://www.w3.org/2001/XMLSchema-instance"
    xsi:schemaLocation="http://www.loc.gov/MARC21/slim http://www.loc.gov/standards/marcxml/schema/MARC21slim.xsd"
    xmlns="http://www.loc.gov/MARC21/slim">

  <leader>01539nam a2200265 a 4500</leader>
  <controlfield tag="001">000026296</controlfield>
  <controlfield tag="003">DO-SdBNP</controlfield>
  <controlfield tag="005">20260304085435.0</controlfield>
  <controlfield tag="008">110310s2000    dr c          000 0 spa d</controlfield>
  <datafield tag="040" ind1=" " ind2=" ">
    <subfield code="a">DO-SdBNP</subfield>
    <subfield code="b">spa</subfield>
    <subfield code="c">BNPHU</subfield>
  </datafield>
  <datafield tag="082" ind1=" " ind2="4">
    <subfield code="a">923.27293</subfield>
    <subfield code="b">P349u</subfield>
    <subfield code="2">22</subfield>
  </datafield>
  <datafield tag="100" ind1="1" ind2=" ">
    <subfield code="a">Uffre B&#xE1;ez, Luis Gilberto</subfield>
    <subfield code="9">53325</subfield>
  </datafield>
  <datafield tag="245" ind1="1" ind2="0">
    <subfield code="a">Vida y pensamiento del Dr. Jos&#xE9; Francisco Pe&#xF1;a G&#xF3;mez /</subfield>
    <subfield code="c">Luis Gilberto Uffre B&#xE1;ez, Rainer Manuel Castillo Peralta, Juan Aquino Ram&#xED;rez.</subfield>
  </datafield>
  <datafield tag="260" ind1=" " ind2=" ">
    <subfield code="a">Santo Domingo :</subfield>
    <subfield code="b">Instituto de Ciencias Pol&#xED;ticas y Administraci&#xF3;n del PRD,</subfield>
    <subfield code="c">2000.</subfield>
  </datafield>
  <datafield tag="300" ind1=" " ind2=" ">
    <subfield code="a">151 p. :</subfield>
    <subfield code="b">il., retrs. ;</subfield>
    <subfield code="c">22 cm.</subfield>
  </datafield>
  <datafield tag="500" ind1=" " ind2=" ">
    <subfield code="a">Incluye referencias bibliogr&#xE1;ficas y notas al pie de las p&#xE1;ginas </subfield>
  </datafield>
  <datafield tag="505" ind1="0" ind2=" ">
    <subfield code="a">Presentaci&#xF3;n: Pe&#xF1;a G&#xF3;mez y la juventud dominicana /</subfield>
    <subfield code="r">Peggy Cabral Pe&#xF1;a G&#xF3;mez --</subfield>
    <subfield code="t">Perfil biogr&#xE1;fico del Dr. Jos&#xE9; Francisco Pe&#xF1;a G&#xF3;mez /</subfield>
    <subfield code="r">Luis Gilberto Uffre B&#xE1;ez --</subfield>
    <subfield code="t">Curriculum vitae del Dr. Jos&#xE9; Francisco Pe&#xF1;a G&#xF3;mez --</subfield>
    <subfield code="t">Vida y pensamiento del Dr. Jos&#xE9; Francisco Pe&#xF1;a G&#xF3;mez /</subfield>
    <subfield code="r">Rainier Manuel Castillo Peralta --</subfield>
    <subfield code="t">Vida y pensamiento del Dr. Jos&#xE9; Francisco Antonio Pe&#xF1;a G&#xF3;mez /</subfield>
    <subfield code="r">Juan Aquino Ram&#xED;rez --</subfield>
    <subfield code="t">Bibliograf&#xED;a --</subfield>
    <subfield code="g">Anexo.</subfield>
  </datafield>
  <datafield tag="600" ind1="1" ind2="0">
    <subfield code="a">Pe&#xF1;a Gomez,  Jose Francisco ,</subfield>
    <subfield code="d">1937-1998</subfield>
    <subfield code="x">Pensamiento pol&#xED;tico</subfield>
    <subfield code="9">2994</subfield>
  </datafield>
  <datafield tag="650" ind1=" " ind2="4">
    <subfield code="a">Pol&#xED;ticos</subfield>
    <subfield code="z">Rep&#xFA;blica Dominicana</subfield>
    <subfield code="9">1349</subfield>
  </datafield>
  <datafield tag="651" ind1=" " ind2="0">
    <subfield code="a">Rep&#xFA;blica Dominicana</subfield>
    <subfield code="x">Pol&#xED;tica y gobierno</subfield>
    <subfield code="9">45</subfield>
  </datafield>
  <datafield tag="700" ind1="1" ind2=" ">
    <subfield code="a">Castillo Peralta, Rainer Manuel</subfield>
    <subfield code="9">53326</subfield>
  </datafield>
  <datafield tag="700" ind1="1" ind2=" ">
    <subfield code="a">Aquino Ram&#xED;rez, Juan</subfield>
    <subfield code="9">53327</subfield>
  </datafield>
  <datafield tag="910" ind1=" " ind2=" ">
    <subfield code="a">Validado. Control de la calidad EMS.</subfield>
  </datafield>
  <datafield tag="942" ind1=" " ind2=" ">
    <subfield code="2">ddc</subfield>
    <subfield code="c">LBS1</subfield>
  </datafield>
  <datafield tag="952" ind1=" " ind2=" ">
    <subfield code="0">0</subfield>
    <subfield code="1">0</subfield>
    <subfield code="7">1</subfield>
    <subfield code="8">PD</subfield>
    <subfield code="a">PD</subfield>
    <subfield code="b">PD</subfield>
    <subfield code="c">HD</subfield>
    <subfield code="d">2011-03-10</subfield>
    <subfield code="i">LF1</subfield>
    <subfield code="l">0</subfield>
    <subfield code="o">923.27293 P349u</subfield>
    <subfield code="p">26296-10</subfield>
    <subfield code="r">2020-06-25</subfield>
    <subfield code="w">2020-06-25</subfield>
    <subfield code="y">LFPD</subfield>
    <subfield code="Z">No se presta</subfield>
  </datafield>
  <datafield tag="999" ind1=" " ind2=" ">
    <subfield code="c">25788</subfield>
    <subfield code="d">25788</subfield>
  </datafield>
</record>
